| 000 | 00721nam a22002297a 4500 | ||
|---|---|---|---|
| 003 | OSt | ||
| 005 | 20210426104806.0 | ||
| 008 | 210121s1975 ||||| |||| 00| 0 eng d | ||
| 020 | _a067121988X | ||
| 040 |
_aeng _beng _cDLC |
||
| 041 | _aeng | ||
| 080 |
_a008 _bD-92 |
||
| 100 |
_9685 _aDurant, Will |
||
| 245 |
_aThe Age of Napoleon _b: A History of European Civilization from 1789 to 1815 _c/ by: Simon and Schuster |
||
| 260 |
_aNew York _bSimon and Schuster _c1975 |
||
| 300 |
_a872 p. _bill. |
||
| 490 |
_3The Story of Civilization _aPart XI |
||
| 650 | 0 |
_9410 _aHistory of civilizations |
|
| 653 | _aცივილიზაციების ისტორია | ||
| 700 |
_9686 _aDurant, Ariel |
||
| 942 |
_2udc _cBK |
||
| 999 |
_c932 _d932 |
||